| 000 | 00451nam a2200181Ia 4500 | ||
|---|---|---|---|
| 008 | 240925s9999 xx 000 0 und d | ||
| 020 | _a9781119286950 | ||
| 082 | _a658.4092 CHA | ||
| 100 | _aCharan, Ram | ||
| 245 | 4 | _aThe High Potential Leader | |
| 250 | _aNA | ||
| 260 |
_aNew Jersey: _bJohn wiley & Sons _c,2017. |
||
| 300 |
_a474p. _b0 _fOriginal |
||
| 500 | _aIncludes Index | ||
| 600 | _aManagement | ||
| 650 | _aManagement | ||
| 942 | _cBK | ||
| 999 |
_c14159 _d14159 |
||